000 00380nam a22001697a 4500
005 20260413162929.0
008 160627b xxu||||| |||| 00| 0 eng d
020 _a81-7661-020-8
041 _aeng
082 _a248.4
100 _a Gossett. Don
_92857
245 _aThere is Dynamite in Praise
260 _bBen
_c2000
300 _a116
650 _aManagement
942 _cBK
999 _c4135
_d4134